| Tag |
First Indicator |
Second Indicator |
Subfields |
| LEADER |
00000cam a22000008a 4500 |
| 001 |
in00000019800 |
| 005 |
20151007053728.0 |
| 008 |
870807s1988 azu b 00110 eng |
| 010 |
|
|
|a 87023189
|
| 020 |
|
|
|a 0897742958
|
| 035 |
|
|
|a (OCoLC)16649155
|
| 035 |
|
|
|9 AAB2625AM
|
| 040 |
|
|
|a DLC
|c DLC
|d TXA
|d UtOrBLW
|
| 049 |
|
|
|a TXAM
|c [A11051956]
|
| 050 |
0 |
0 |
|a Z6736
|b .S79 1988
|a HD9506.A2
|
| 082 |
0 |
|
|a 016.3382
|2 19
|
| 100 |
1 |
|
|a Stark, Marilyn McAnally.
|
| 245 |
1 |
0 |
|a Mining and mineral industries :
|b an information sourcebook /
|c by Marilyn McAnally Stark.
|
| 263 |
|
|
|a 8712
|
| 264 |
|
1 |
|a Phoenix, AZ :
|b Oryx Press,
|c 1988.
|
| 300 |
|
|
|a 124 pages
|
| 336 |
|
|
|a text
|b txt
|2 rdacontent
|
| 337 |
|
|
|a unmediated
|b n
|2 rdamedia
|
| 338 |
|
|
|a volume
|b nc
|2 rdacarrier
|
| 490 |
1 |
|
|a Oryx sourcebook series in business and management ;
|v 10
|
| 500 |
|
|
|a Includes index.
|
| 650 |
|
0 |
|a Mineral industries
|v Bibliography.
|
| 650 |
|
0 |
|a Mines and mineral resources
|v Bibliography.
|
| 830 |
|
0 |
|a Oryx sourcebook series in business and management ;
|v 10.
|
| 999 |
|
|
|a MARS
|
| 999 |
f |
f |
|s 77df2b2b-9741-3296-acbf-51474a5eb431
|i ac1a7fe3-5008-3461-a00b-1fcf3b933cfb
|t 0
|
| 952 |
f |
f |
|p ric
|a Texas A&M University
|b Rellis Campus
|c Joint Library Facility
|d Remote Storage
|t 0
|e Z6736 .S79 1988
|h Library of Congress classification
|i unmediated -- volume
|m A14811051956
|
| 998 |
f |
f |
|a Z6736 .S79 1988
|t 0
|l Remote Storage
|